Countries That Share Lakes - Statistics

General Stats
  • This quiz has been taken 202 times
    74 since last reset
  • The average score is 27 of 29
Answer Stats
Country % Correct
Canada
100%
United States
98%
Chad
97%
Malawi
97%
Russia
97%
Azerbaijan
95%
Bolivia
95%
Burundi
95%
Democratic Republic of the Congo
95%
France
95%
Mozambique
95%
Niger
95%
Peru
95%
Tanzania
95%
Iran
94%
Jordan
94%
Kazakhstan
94%
Switzerland
94%
Turkmenistan
94%
Uganda
94%
Uzbekistan
94%
Cameroon
92%
Israel
92%
Kenya
92%
Nigeria
92%
Zambia
92%
Zimbabwe
92%
Egypt
86%
Sudan
85%
No matching quizzes found
Score Distribution
Percent of People with Each Score
Percentile by Number Answered
Your Score History
You have not taken this quiz since the last reset